From the Aegean to the Baltic and beyond: an analysis of cultural property dispersion (Record no. 117814)

MARC details
000 -LEADER
fixed length control field 01012cam a2200205 4500
001 - CONTROL NUMBER
control field ABS68076
008 - FIXED-LENGTH DATA ELEMENTS--GENERAL INFORMATION
fixed length control field 040804n2004 000 0 eng u
035 ## - SYSTEM CONTROL NUMBER
System control number (Sirsi) u127007
100 ## - MAIN ENTRY--PERSONAL NAME
Personal name Torsen, M. A.
245 ## - TITLE STATEMENT
Title From the Aegean to the Baltic and beyond: an analysis of cultural property dispersion
260 ## - PUBLICATION, DISTRIBUTION, ETC.
Date of publication, distribution, etc. 2004
490 ## - SERIES STATEMENT
Series statement Art Antiquity and Law
Volume/sequential designation 11(2) June 2004, 143-177(35)
520 ## - SUMMARY, ETC.
Summary, etc. Highlights problems relating to the dispersal of cultural works of art taking Mediterranean antiquities as an example. Looks at how various countries, with the key emphasis on the United States, deal with the problems and the extent of international cooperation. Suggests how auction houses can protect themselves such as taking legal advice and ensuring that auction catalogues contain caveat clauses to protect themselves against litigation claims.
590 ## - LOCAL NOTE (RLIN)
Local note ABS
590 ## - LOCAL NOTE (RLIN)
Local note ABS
650 ## - SUBJECT ADDED ENTRY--TOPICAL TERM
Topical term or geographic name entry element CULTURAL PROPERTY
650 ## - SUBJECT ADDED ENTRY--TOPICAL TERM
Topical term or geographic name entry element AUCTION HOUSES
690 ## - LOCAL SUBJECT ADDED ENTRY--TOPICAL TERM (OCLC, RLIN)
Topical term or geographic name as entry element ANTIQUES AND FINE ART
942 ## - ADDED ENTRY ELEMENTS (KOHA)
Suppress in OPAC 0
Holdings
Withdrawn status Lost status Source of classification or shelving scheme Damaged status Not for loan Home library Current library Shelving location Date acquired Total Checkouts Full call number Barcode Date last seen Copy number Price effective from Koha item type
    Dewey Decimal Classification     London London Journal article 04/08/2004   ABS68076 127007-1001 06/08/2019 1 06/08/2019 Journal article